[Event "28th CRO-chT 1B-Men 2019"]
[Site "Mali Losinj"]
[Date "2019.10.02"]
[Round "5.23"]
[White "Sinanovic, Muhamed"]
[Black "Krsnik Cohar, Ivan Vihor"]
[Result "1-0"]
[WhiteElo "2312"]
[BlackElo "2340"]
[Annotator "TA"]
[PlyCount "75"]
[EventDate "2019.09.28"]
[EventType "team-tourn"]
[EventCountry "CRO"]
[SourceTitle "playchess.com"]
[Source "ChessBase"]
[SourceQuality "1"]

{[%evp 12,75,16,6,0,12,39,42,62,35,71,79,70,71,71,16,49,46,122,117,137,128,127,132,144,106,141,143,158,141,139,119,120,125,124,126,131,125,121,116,217,202,205,213,353,340,1234,1213,1126,278,363,352,986,273,1209,1169,29990,1070,29992,29993,29995,29994,29996,29992,29992,29989]} 1. g3 e5 2. c4 Nc6 3. Bg2 f5 4. Nc3 Nf6 5. d3 Bb4 6. Bd2 O-O 7. e3 Bxc3 {A25: English Opening vs King's Indian with ...Nc6 but without early d3} (7... e4 8. a3 Bxc3 9. Bxc3 d6 10. Ne2 Ne5 11. dxe4 fxe4 12. Bxe5 dxe5 13. h3 Qxd1+ 14. Rxd1 h5 15. Nc3 {½-½ (75) Sargissian,G (2667)-L'Ami,E (2634) Legnica 2013}) 8. Bxc3 d6 9. Ne2 Qe8 {White is slightly better.} 10. Qd2 Be6 11. f4 $146 ({Predecessor:} 11. b3 a6 12. d4 exd4 13. Nxd4 Bd7 14. Qd3 Ne5 15. Qc2 {0-1 (65) Walkowiak,A-Ridge,M (1863) Ayr 2017}) 11... Rd8 12. O-O Qh5 13. h3 ({Better is} 13. Rae1 $16) 13... Qh6 14. b3 e4 (14... a6 $14) 15. Bxf6 $1 $16 Qxf6 16. dxe4 fxe4 17. Nc3 ({Much weaker is} 17. Bxe4 $6 Bxh3 18. Bg2 Bd7 $11) 17... Qe7 18. Kh2 ({Don't do} 18. Bxe4 $6 Bxh3 19. Rf2 h6 $14) 18... Bf5 19. g4 Bg6 20. Nd5 Qd7 21. f5 Bf7 22. Bxe4 Bxd5 23. Bxd5+ Kh8 24. Bxc6 Qxc6 25. Qd4 d5 (25... Rde8 $16) 26. Rad1 $18 Qd6+ 27. Kg2 Qa3 (27... dxc4 {keeps fighting.} 28. Qxc4 Qe7) 28. f6 ({Resist} 28. cxd5 Qxa2+ 29. Rf2 Qxb3 $18) 28... Rf7 $2 (28... Kg8 29. fxg7 Rfe8 30. cxd5 Qe7) 29. fxg7+ Rxg7 {[#]} 30. Rd2 $2 (30. Rf7 $1 {[%csl Gf7][%cal Rd4g7]} Rdg8 31. Rdf1) 30... Kg8 31. cxd5 h5 $2 {[#]} (31... Re8 32. Rf6 Qe7) 32. Rf4 $2 (32. d6 $1 Qa6 (32... Qxd6 33. Qc4+) 33. Qd5+ {[%mdl 64] Double Attack} Kh7 34. Qxh5+ Kg8 35. Qd5+ Kh7 36. Qe4+ Kh8 37. Rd5) 32... Rd6 $2 (32... Qe7 33. Rdf2 a5) 33. Qe4 {Intending Qe8+ and mate.} hxg4 34. hxg4 (34. Qe8+ $142 Kh7 35. Rf8 gxh3+ 36. Kh2 Kh6 37. Rh8+ Rh7 38. Qf8+ Kg5 39. Qf4+ Kg6 40. Qg4+ Kf6 41. Rf2+ Ke7 42. Rxh7+ Ke8 43. Qg8#) 34... Qc1 35. Rdf2 {[%csl Gf2][%cal Rf4f8] White mates.} Rdg6 36. Rf8+ Kh7 37. Rf1 Qb2+ 38. R8f2 {Accuracy: White = 51%, Black = 28%.} 1-0

[Event "28th CRO-chT 1B-Men 2019"]
[Site "Mali Losinj"]
[Date "2019.10.02"]
[Round "5.24"]
[White "Ciganovic, Nikola"]
[Black "Zelic, Mladen"]
[Result "1-0"]
[WhiteElo "2219"]
[BlackElo "2209"]
[Annotator "NA"]
[PlyCount "65"]
[EventDate "2019.09.28"]
[EventType "team-tourn"]
[EventCountry "CRO"]
[SourceTitle "playchess.com"]
[Source "ChessBase"]
[SourceQuality "1"]
[TimeControl "40/5400+30:1800+30"]

1. e4 {[%emt 0:00:30]} e5 {[%emt 0:00:30]} 2. Nf3 {[%emt 0:00:00]} Nc6 {[%emt 0:00:00]} 3. d4 {[%emt 0:00:00]} exd4 {[%emt 0:00:00]} 4. Nxd4 {[%emt 0:00:30]} Bc5 {[%emt 0:00:00]} 5. Nb3 {[%emt 0:00:00]} Bb6 {[%emt 0:00:00]} 6. Nc3 {[%emt 0:00:00]} Nf6 {[%emt 0:00:30]} 7. Qe2 {[%emt 0:00:30]} O-O {[%emt 0:00:30]} 8. Bg5 {[%emt 0:00:30]} h6 {[%emt 0:06:30]} 9. Bh4 {[%emt 0:00:30]} Re8 {[%emt 0:07:30]} 10. O-O-O {[%emt 0:00:30]} d6 {[%emt 0:03:30]} 11. f3 {[%emt 0:00:30]} Be6 {[%emt 0:05:30]} 12. g4 {[%emt 0:01:30]} Ne5 {[%emt 0:19:30]} 13. Nd4 {[%emt 0:14:30]} Ng6 {[%emt 0:13:30]} 14. Nxe6 {[%emt 0:14:30]} Rxe6 {[%emt 0:00:30]} 15. Bg3 {[%emt 0:00:30]} Qe8 {[%emt 0:09:30]} 16. h4 {[%emt 0:14:30]} Rd8 {[%emt 0:06:30]} 17. h5 {[%emt 0:05:30]} Nf8 {[%emt 0:01:30]} 18. Qh2 {[%emt 0:09:30]} Qc6 {[%emt 0:08:40]} 19. Bd3 {[%emt 0:06:30]} N8h7 {[%emt 0:02:54]} 20. e5 {[%emt 0:05:30]} Nd7 {[%emt 0:06:09]} 21. Be4 {[%emt 0:05:22]} Qc5 {[%emt 0:00:42]} 22. exd6 {[%emt 0:01:35]} cxd6 {[%emt 0:01:16]} 23. Bxd6 {[%emt 0:00:32]} Qc8 {[%emt 0:02:50]} 24. Bf5 {[%emt 0:01:30]} Ree8 {[%emt 0:00:28]} 25. Nd5 {[%emt 0:01:03]} Qc4 {[%emt 0:00:11]} 26. b3 {[%emt 0:09:52]} Qa6 {[%emt 0:00:24]} 27. Kb1 {[%emt 0:01:24]} Nc5 {[%emt 0:00:34]} 28. Bc7 {[%emt 0:02:40]} Rxd5 {[%emt 0:02:15]} 29. Rxd5 {[%emt 0:00:08]} Re2 {[%emt 0:00:18]} 30. Rd8+ {[%emt 0:00:52]} Nf8 {[%emt 0:00:47]} 31. Rxf8+ {[%emt 0:00:04]} Kxf8 {[%emt 0:00:12]} 32. Qd6+ {[%emt 0:00:06]} Re7 {[%emt 0:00:34]} 33. Qd8+ {[%emt 0:00:06]} 1-0

[Event "28th CRO-chT 1B-Men 2019"]
[Site "Mali Losinj"]
[Date "2019.10.03"]
[Round "6.1"]
[White "Sedlak, Nikola"]
[Black "Sokolov, Ivan"]
[Result "1/2-1/2"]
[WhiteElo "2557"]
[BlackElo "2584"]
[Annotator "RC"]
[PlyCount "51"]
[EventDate "2019.09.28"]
[EventType "team-tourn"]
[EventCountry "CRO"]
[SourceTitle "playchess.com"]
[Source "ChessBase"]
[SourceQuality "1"]
[TimeControl "40/5400+30:1800+30"]

1. d4 {[%emt 0:00:30]} Nf6 {[%emt 0:10:30]} 2. c4 {[%emt 0:00:00]} e6 {[%emt 0:00:30]} 3. Nf3 {[%emt 0:00:00]} d5 {[%emt 0:00:30]} 4. Nc3 {[%emt 0:00:30]} Nbd7 {[%emt 0:00:30]} 5. Qc2 {[%emt 0:00:30]} Be7 {[%emt 0:12:30]} 6. Bg5 {[%emt 0:01:30]} O-O {[%emt 0:01:30]} 7. e3 {[%emt 0:00:30]} h6 {[%emt 0:01:30]} 8. Bh4 {[%emt 0:00:30]} c5 {[%emt 0:00:30]} 9. dxc5 {[%emt 0:04:30]} Nxc5 {[%emt 0:01:30]} 10. Rd1 {[%emt 0:04:30]} Qa5 {[%emt 0:09:30]} 11. Nd2 {[%emt 0:02:30]} Bd7 {[%emt 0:09:30]} 12. a3 {[%emt 0:10:30]} g5 {[%emt 0:03:30]} 13. Bg3 {[%emt 0:02:30]} Nce4 {[%emt 0:01:30]} 14. Be5 {[%emt 0:01:30]} Nxd2 {[%emt 0:20:30]} 15. Rxd2 {[%emt 0:00:30]} Bc6 {[%emt 0:02:30]} 16. h4 {[%emt 0:15:30]} dxc4 {[%emt 0:00:30]} 17. Bd4 {[%emt 0:02:30]} g4 {[%emt 0:03:02]} 18. Bxc4 {[%emt 0:00:30]} Bxg2 {[%emt 0:01:32]} 19. Rg1 {[%emt 0:00:30]} Bf3 {[%emt 0:00:48]} 20. Bxe6 {[%emt 0:00:30]} fxe6 {[%emt 0:02:14]} 21. Qg6+ {[%emt 0:00:30]} Kh8 {[%emt 0:00:02]} 22. Qxh6+ {[%emt 0:00:30]} Kg8 {[%emt 0:00:02]} 23. Qg6+ {[%emt 0:00:30]} Kh8 {[%emt 0:00:02]} 24. Rxg4 {[%emt 0:03:30]} Bxg4 {[%emt 0:00:40]} 25. Qh6+ {[%emt 0:00:00]} Kg8 {[%emt 0:00:00]} 26. Qg6+ {[%emt 0:01:00]} 1/2-1/2

[Event "28th CRO-chT 1B-Men 2019"]
[Site "Mali Losinj"]
[Date "2019.10.03"]
[Round "6.2"]
[White "Nemeth, Miklos"]
[Black "Nikcevic, Nebojsa"]
[Result "1/2-1/2"]
[WhiteElo "2488"]
[BlackElo "2415"]
[Annotator "TA"]
[PlyCount "119"]
[EventDate "2019.09.28"]
[EventType "team-tourn"]
[EventCountry "CRO"]
[SourceTitle "playchess.com"]
[Source "ChessBase"]
[SourceQuality "1"]

{[%evp 13,119,3,4,18,17,-9,-14,-15,-15,-14,-13,-16,-14,-13,11,11,20,14,11,12,24,14,38,35,52,13,30,26,35,0,0,0,0,0,0,0,0,0,0,0,0,0,6,0,5,0,0,0,0,0,0,0,0,0,0,0,0,0,0,0,0,0,0,0,0,0,0,0,0,0,0,0,0,-827,-812,-839,172,-87,0,0,0,0,0,0,0,0,0,0,0,0,0,0,0,0,0,0,0,0,0,0,0,0,0,0,0,0,0,0]} 1. e4 e5 2. Nc3 Nc6 3. Bc4 Nf6 4. d3 Na5 ({Predecessor:} 4... Bb4 5. Bd2 Na5 6. Bb3 Nxb3 7. axb3 d5 8. Nxd5 Bxd2+ 9. Qxd2 Nxd5 10. exd5 {0-1 (51) Glapa,A-Konopacka,M Leba 2009}) 5. Bb3 Nxb3 6. axb3 d5 7. exd5 Bb4 8. Bd2 {C28: Vienna Game: 2...Nf6 3 Bc4 Nc6} Nxd5 $146 (8... O-O 9. Nge2 Be7 10. Bg5 Nxd5 11. Bxe7 Nxe7 12. O-O c5 13. f4 exf4 14. Nxf4 Nc6 15. Qh5 b6 {½-½ (31) Sveshnikov,E (2493)-Hansen,E (2616) Jurmala 2017}) 9. Nxd5 (9. Nf3 {keeps more tension.} O-O 10. O-O Bg4 11. h3 Bxf3 12. Qxf3 c6 13. Rfd1) 9... Bxd2+ 10. Qxd2 Qxd5 11. Nf3 O-O 12. O-O f6 13. Qc3 Bd7 14. Ra5 Qd6 15. d4 e4 16. Nd2 b6 17. Raa1 Rfe8 18. Nc4 Qc6 19. Qg3 Be6 20. Ne3 a5 21. c4 (21. Rfd1 {seems wilder.} Rad8 22. c4 Bf7 23. d5 Qc5 24. Nf5) 21... Qd6 22. Qxd6 cxd6 23. Ra3 f5 24. g3 g5 25. f4 exf3 $1 26. Rxf3 Rf8 27. Ra1 Kg7 28. Re1 Kg6 29. Nd1 Rae8 30. Nc3 Bd7 31. Rxe8 Rxe8 $11 {[%mdl 4096] Endgame KRB-KRN} 32. Kf2 Bc6 33. Re3 Rxe3 34. Kxe3 {KB-KN} Kf6 35. d5 Bd7 36. Kd4 Be8 37. Nd1 f4 38. gxf4 $1 gxf4 39. Nc3 Bg6 40. Na4 Kg5 {Threatens to win with ...Kh4.} 41. Nxb6 {[#] Hoping for Nc8.} Kg4 {White must now prevent ...Kh3.} 42. Nd7 Kh3 {And now ...f3 would win.} 43. Nf6 $2 {[%mdl 8192]} ({Don't go for} 43. c5 $2 f3 $19) (43. Nf8 $11 Kxh2 44. Nxg6 hxg6 45. c5 dxc5+ 46. Ke4 (46. Kxc5 f3 $17)) 43... h5 $19 44. Ne4 Kg2 $4 {[%mdl 8192]} (44... Kxh2 $19 {and all is fine.} 45. c5 dxc5+ 46. Ke5 f3) 45. Nd2 $2 {[#]} ({Only move:} 45. Nxd6 $18 {Strongly threatening c5.} f3 46. c5) 45... h4 (45... Kf2 $1 $17 {[%cal Rf2e2] ...Ke2 is the strong threat.} 46. c5 dxc5+ 47. Ke5 (47. Kxc5 Ke2 $15) 47... Ke2) 46. c5 $11 {The position is equal.} dxc5+ 47. Ke5 $1 {[%cal Re5f4]} f3 48. Kf4 $1 f2 49. Kg5 $1 {[%cal Rg5g6]} Be8 (49... Bf7 {looks sharper.} 50. d6 Be8 51. Kxh4 Kxh2 52. Kg4 Kg1) 50. Kxh4 Kxh2 {aiming for ...Bd7.} 51. Kg5 Bb5 52. Kf4 Kg2 53. Ke5 f1=Q 54. Nxf1 Kxf1 {KB-K3P} 55. Kd6 Ke2 56. Kxc5 Be8 57. b4 axb4 58. Kxb4 Kd3 59. Kc5 Ke4 60. b4 {Accuracy: White = 71%, Black = 66%.} 1/2-1/2

[Event "28th CRO-chT 1B-Men 2019"]
[Site "Mali Losinj"]
[Date "2019.10.03"]
[Round "6.3"]
[White "Matkovic, Tonci"]
[Black "Krstic, Uros"]
[Result "1/2-1/2"]
[WhiteElo "2281"]
[BlackElo "2354"]
[Annotator "TA"]
[PlyCount "93"]
[EventDate "2019.09.28"]
[EventType "team-tourn"]
[EventCountry "CRO"]
[SourceTitle "playchess.com"]
[Source "ChessBase"]
[SourceQuality "1"]

{[%evp 21,93,9,20,9,13,10,54,59,61,49,56,41,33,8,24,8,21,22,39,3,20,0,0,0,0,0,0,0,19,5,8,-18,0,0,0,0,25,-46,0,-43,-21,-18,-11,-14,-10,-16,-8,-14,0,0,0,0,0,0,0,-75,-67,-74,-70,-88,-72,-79,-84,-87,-66,-106,-101,-102,0,-92,-76,-97,-86,-95]} 1. e4 e5 2. Nf3 Nc6 3. Bb5 a6 4. Ba4 Nf6 5. O-O Be7 6. Re1 b5 7. Bb3 O-O 8. c3 d6 9. h3 Nd7 10. d4 Bf6 11. Bd5 Bb7 12. dxe5 {C92: Closed Ruy Lopez: 9...Be6, Karpov and Flohr-Zaitsev Variations} dxe5 13. Be3 (13. Nbd2 Nb6 14. Nb3 Qc8 15. Nc5 Rd8 16. Bg5 Nxd5 17. exd5 Ne7 18. Bxf6 gxf6 19. Ne4 Nxd5 {0-1 (57) Arizmendi Martinez,J (2506)-Naiditsch,A (2734) Caleta 2019}) 13... Nb6 14. Bxb6 {White is slightly better.} cxb6 15. Nbd2 Qc7 16. a4 $146 ({Predecessor:} 16. Nf1 Rfd8 17. Qe2 Ne7 18. Bxb7 Qxb7 19. N3h2 h5 {0-1 (74) Gorbanovsky,O (2147)-Das,S (2377) Al Ain 2013}) 16... bxa4 17. Rxa4 b5 18. Ra2 Rad8 19. Qe2 Bc8 20. b3 Rfe8 21. Nf1 (21. Qe3 {is interesting.} Ne7 22. c4 bxc4 23. bxc4 Ng6 24. g3) 21... Ne7 22. c4 Nxd5 23. cxd5 Be7 24. Rc2 Qb8 25. Ne3 Bd7 26. Ra2 Qd6 27. Rea1 Ra8 28. Ne1 Qb6 29. Nf3 (29. Nd3 $11) 29... Bd6 30. g4 g6 31. Kg2 f6 32. Qd2 Rec8 33. Qa5 $1 {[%cal Ra5b6]} Qb7 34. Qd2 Kh8 35. Rc1 Rxc1 36. Qxc1 a5 37. Qa1 Qc7 38. Rc2 {[#]} (38. g5 $1 $11) 38... Qd8 $1 $17 39. Ra2 h6 40. Nh4 Kh7 41. Nf3 Qb6 42. Nd2 Bc5 43. Kf3 Bd4 44. Qc1 Bc5 45. Qa1 $1 Bb4 46. Qc1 Rc8 47. Rc2 {Accuracy: White = 42%, Black = 48%.} 1/2-1/2

[Event "28th CRO-chT 1B-Men 2019"]
[Site "Mali Losinj"]
[Date "2019.10.03"]
[Round "6.4"]
[White "Trbojevic, Mladen"]
[Black "Vlaic, Branko"]
[Result "1-0"]
[WhiteElo "2338"]
[BlackElo "2270"]
[Annotator "TA"]
[PlyCount "117"]
[EventDate "2019.09.28"]
[EventType "team-tourn"]
[EventCountry "CRO"]
[SourceTitle "playchess.com"]
[Source "ChessBase"]
[SourceQuality "1"]

{[%evp 9,163,29,24,28,17,24,20,15,62,56,62,56,62,46,61,44,57,0,-13,-60,-62,-64,-54,-60,103,91,94,95,113,-30,50,46,172,168,187,177,195,187,203,182,200,144,178,141,113,102,313,320,315,311,286,274,522,369,341,262,251,210,204,191,192,210,227,237,231,196,209,202,194,191,203,196,222,186,183,165,189,202,309,300,234,189,259,229,357,311,436,436,436,436,436,436,432,431,924,884,756,547,505,358,339,271,485,360,338,299,485,302,374,0,375,277,329,260,167,173,166,166,159,97,29966,29967,29960,97,29970,6079,2755,1721,29973,29972,29977,29978,29978,29979,29977,29978,29980,29981,29981,29980,29980,29975,29979,29977,29976,29977,29988,29989,29989,29990,29990,29991,29992,29993,29993,29994]} 1. e4 c6 2. Nc3 d5 3. Nf3 Nf6 4. e5 Ne4 5. Ne2 Qb6 {[%csl Ge4][%cal Rb6f2]} 6. d4 {B11: Caro-Kann: Two Knights Variation} e6 7. Ng3 Nxg3 (7... c5 8. Bd3 Nxg3 9. fxg3 cxd4 10. O-O h6 11. a3 Nc6 12. b4 a6 13. g4 Be7 14. Qe1 Bd7 15. Rb1 Na7 16. Bb2 Nb5 17. Qf2 O-O 18. a4 Nc7 19. Bxd4 {1-0 (19) Vachier Lagrave,M (2774)-Wei,Y (2721) chess.com INT 2019}) 8. hxg3 {The position is equal.} Be7 $146 ({Predecessor:} 8... c5 9. c3 cxd4 10. cxd4 Nc6 11. a3 a5 12. Bd3 Bd7 13. Bxh7 {½-½ (46) Trent,L (2463)-Piorun,K (2665) Germany 2017}) 9. Bd3 c5 10. dxc5 Qxc5 11. O-O (11. c3 {feels hotter.} Bd7 12. O-O Nc6 13. Qe2 Qb6 14. b4) 11... Qc7 12. Re1 Nc6 13. Ng5 (13. c3 $14) 13... h6 $11 14. Nh3 Nxe5 15. Bf4 Bd6 16. Bb5+ Bd7 $2 (16... Kf8 $1 $15 {keeps the upper hand.}) 17. Bxe5 $1 $16 Bxe5 18. Bxd7+ Kxd7 {[#]} 19. Qh5 (19. c4 $1 $16 {[%cal Rc4d5][%mdl 512]} d4 (19... Qxc4 20. Rxe5) 20. Qh5 {[%mdl 64] Double Attack}) 19... f6 {[#]} (19... Bxb2 $11 20. Rab1 Bc3 21. Qxf7+ {[%mdl 64] Double Attack} Kd8 22. Qxc7+ Kxc7 23. Rxe6 Rae8) 20. c4 $1 $14 {[%mdl 512]} Qxc4 ({Black should play} 20... dxc4 $14 21. Qf7+ Kc8 22. Qxe6+ Kb8) 21. Qf7+ $18 {[%mdl 64] Double Attack} Kd6 22. Rac1 Rhf8 23. Qxb7 Rfb8 24. Qxg7 Rg8 25. Qxh6 Qxa2 26. Ra1 (26. Qh7 $6 Rgc8 $16) 26... Qc4 27. Rec1 $40 {[%mdl 128] Black is in trouble.} Qb5 $2 (27... Qe4 $16 {keeps fighting.}) 28. Qh7 $1 {[%csl Gc1][%cal Rh7c7]} Rgc8 29. Rxc8 Rxc8 30. Rxa7 {And now Qe7+ would win.} Bxb2 $2 (30... Qe8 {was necessary.} 31. Qb7 Bd4) 31. Qe7+ Ke5 32. f4+ Kd4 33. Kh2 {aiming for Rb7.} (33. Qxe6 $6 Rc6 $16) 33... Rc6 34. Qxf6+ Kd3 35. Qg6+ (35. Nf2+ Ke2 $11) 35... Kd2 36. f5 exf5 37. Qxf5 {Strongly threatening Rd7.} Qd3 38. Qg5+ Kc2 {[#]} 39. Nf4 $1 Qd4 40. Rd7 (40. Nxd5 Qh8+ 41. Kg1 Qd4+ 42. Ne3+ Kd2 $16) 40... Qh8+ 41. Nh3 Qe5 {With the idea ...Qxg5.} 42. Qg8 d4 43. Qh7+ $1 Kc3 (43... Kd2 $142 44. Rf7 Rf6) 44. Nf4 Qb5 {intending ...Rh6+.} 45. Rd5 Qa6 {[#]} (45... Qc4 $142) 46. Qe4 $1 ({Don't do} 46. Qb1 $6 Rh6+ 47. Nh3 (47. Kg1 Qa1 $14) 47... d3 $16) 46... Kb3 (46... Kd2 $142 47. g4 Rh6+ 48. Kg1 Rc6) 47. Qf3+ Bc3 (47... Rc3 $142 48. Qd1+ Rc2) 48. Rxd4 Rh6+ 49. Nh3 Rf6 50. Qd1+ Kb2 51. Re4 Qc6 (51... Qb5 $142 52. Re2+ Ka3) 52. Re2+ Ka3 53. Qb1 {[%csl Gb1][%cal Re2a2]} Qc4 54. Re4 Bd4 55. Rf4 Rh6 $2 (55... Rxf4 56. gxf4 Bc3) 56. Qd1 Rd6 57. Qf3+ Kb4 $2 (57... Kb2 58. Qb7+ Qb3) 58. Rf7 Rb6 59. Rd7 {Played: Rf7-f4} 1-0

[Event "28th CRO-chT 1B-Men 2019"]
[Site "Mali Losinj"]
[Date "2019.10.03"]
[Round "6.5"]
[White "Malenica, Mario"]
[Black "Vernacki, Srdjan"]
[Result "0-1"]
[WhiteElo "2221"]
[BlackElo "2318"]
[Annotator "TA"]
[PlyCount "38"]
[EventDate "2019.09.28"]
[EventType "team-tourn"]
[EventCountry "CRO"]
[SourceTitle "playchess.com"]
[Source "ChessBase"]
[SourceQuality "1"]

{[%evp 24,92,37,11,14,6,18,-8,-6,-58,-63,-100,-84,-281,-276,-269,-183,-185,-197,-180,-177,-181,-181,-172,-179,-197,-197,-215,-208,-230,-229,-235,-184,-221,-228,-235,-234,-243,-236,-332,-336,-338,-322,-319,-329,-317,-320,-350,-340,-1069,-1065,-1049,-1016,-1010,-1007,-1598,-1610,-1441,-1392,-1658,-1620,-1552,-1517,-1251,-961,-29979,-11543,-29981,-29983,-29981,-6307]} 1. Nf3 c5 2. g3 b6 3. Bg2 Bb7 4. c4 Nf6 5. O-O e6 6. b3 Be7 7. Bb2 O-O 8. Nc3 a6 9. d4 cxd4 10. Qxd4 d6 11. Rfd1 Nbd7 12. Rac1 Qc7 13. Ne1 Bxg2 {A30: Symmetrical English: Double Fianchetto and Hedgehog} (13... Rfd8 14. Ne4 Bf8 15. Nxf6+ Nxf6 16. Qf4 Ne8 17. Qe3 Bxg2 18. Nxg2 Qb7 19. Nf4 b5 20. Nd3 Rac8 21. Bd4 bxc4 22. bxc4 {½-½ (30) Prasanna Raghuram,R (2458)-Georgiev,K (2623) Caleta 2018}) 14. Nxg2 Qb7 15. Ne3 b5 {The position is equal.} 16. cxb5 (16. g4 $11) 16... axb5 $15 17. b4 $146 ({Predecessor:} 17. Ng4 d5 18. Nxf6+ Bxf6 19. Qb4 Rfb8 20. a3 Nf8 21. Rc2 {0-1 (38) Menendez,D-Szmetan,J (2410) Buenos Aires 1990}) 17... d5 18. f4 $2 (18. a3 $17 {keeps fighting.}) 18... Bd8 $19 19. Qd3 d4 {Played: Bd8-b6} 0-1

[Event "28th CRO-chT 1B-Men 2019"]
[Site "Mali Losinj"]
[Date "2019.10.03"]
[Round "6.6"]
[White "Tomasic, Roland"]
[Black "Tesla, Miro"]
[Result "1-0"]
[WhiteElo "2111"]
[BlackElo "2073"]
[Annotator "NA"]
[PlyCount "111"]
[EventDate "2019.09.28"]
[EventType "team-tourn"]
[EventCountry "CRO"]
[SourceTitle "playchess.com"]
[Source "ChessBase"]
[SourceQuality "1"]
[TimeControl "40/5400+30:1800+30"]

1. e4 {[%emt 0:00:30]} c5 {[%emt 0:00:30]} 2. Nf3 {[%emt 0:00:00]} d6 {[%emt 0:00:30]} 3. d4 {[%emt 0:00:00]} cxd4 {[%emt 0:00:00]} 4. Nxd4 {[%emt 0:00:00]} Nf6 {[%emt 0:00:00]} 5. Nc3 {[%emt 0:00:00]} a6 {[%emt 0:00:30]} 6. Bc4 {[%emt 0:00:00]} e6 {[%emt 0:00:30]} 7. Bb3 {[%emt 0:00:00]} Nbd7 {[%emt 0:00:30]} 8. f4 {[%emt 0:01:30]} Nc5 {[%emt 0:00:00]} 9. Qf3 {[%emt 0:00:30]} b5 {[%emt 0:01:00]} 10. f5 {[%emt 0:00:30]} e5 {[%emt 0:00:30]} 11. Nc6 {[%emt 0:01:30]} Qd7 {[%emt 0:01:30]} 12. Nb4 {[%emt 0:00:30]} Nxb3 {[%emt 0:00:30]} 13. axb3 {[%emt 0:00:30]} Bb7 {[%emt 0:00:30]} 14. Bg5 {[%emt 0:05:30]} Nxe4 {[%emt 0:03:30]} 15. Nxe4 {[%emt 0:04:30]} d5 {[%emt 0:00:30]} 16. Bd2 {[%emt 1:03:47]} dxe4 {[%emt 0:00:30]} 17. Qg4 {[%emt 0:00:03]} f6 {[%emt 0:17:30]} 18. O-O-O {[%emt 0:01:04]} Qf7 {[%emt 0:00:30]} 19. Na2 {[%emt 0:04:27]} Bc5 {[%emt 0:00:30]} 20. Rhe1 {[%emt 0:00:48]} O-O {[%emt 0:04:30]} 21. Nc3 {[%emt 0:01:29]} Rfc8 {[%emt 0:04:30]} 22. Nxe4 {[%emt 0:05:08]} Bf8 {[%emt 0:01:30]} 23. Bc3 {[%emt 0:02:35]} b4 {[%emt 0:00:30]} 24. Rd7 {[%emt 0:00:05]} Be7 {[%emt 0:12:30]} 25. Bxb4 {[%emt 0:02:37]} Qxb3 {[%emt 0:00:30]} 26. Nc5 {[%emt 0:00:14]} Qf7 {[%emt 0:03:30]} 27. Rxb7 {[%emt 0:03:19]} Rab8 {[%emt 0:01:30]} 28. Rxb8 {[%emt 0:01:11]} Rxb8 {[%emt 0:00:30]} 29. Rd1 {[%emt 0:00:27]} Qa2 {[%emt 0:13:30]} 30. Nd3 {[%emt 0:01:12]} Bxb4 {[%emt 0:00:30]} 31. Nxb4 {[%emt 0:00:05]} Qa1+ {[%emt 0:00:30]} 32. Kd2 {[%emt 0:00:03]} Qxb2 {[%emt 0:01:30]} 33. Qc4+ {[%emt 0:00:07]} Kh8 {[%emt 0:00:30]} 34. Nd3 {[%emt 0:00:16]} Qb7 {[%emt 0:00:30]} 35. Nc5 {[%emt 0:02:16]} Qxg2+ {[%emt 0:00:30]} 36. Kc3 {[%emt 0:00:35]} Qf3+ {[%emt 0:01:30]} 37. Qd3 {[%emt 0:00:20]} Qa8 {[%emt 0:00:30]} 38. Qd5 {[%emt 0:00:20]} a5 {[%emt 0:02:30]} 39. Qxa8 {[%emt 0:00:39]} Rxa8 {[%emt 0:00:30]} 40. Ra1 {[%emt 0:00:00]} g6 {[%emt 0:00:00]} 41. fxg6 {[%emt 0:02:53]} hxg6 {[%emt 0:00:00]} 42. Kc4 {[%emt 0:00:30]} Kg7 {[%emt 0:00:30]} 43. Rb1 {[%emt 0:00:30]} f5 {[%emt 0:01:30]} 44. Kd5 {[%emt 0:00:30]} e4 {[%emt 0:00:00]} 45. Ke5 {[%emt 0:01:30]} a4 {[%emt 0:01:00]} 46. Ne6+ {[%emt 0:12:31]} Kh6 {[%emt 0:01:30]} 47. c4 {[%emt 0:00:22]} a3 {[%emt 0:00:30]} 48. c5 {[%emt 0:04:38]} a2 {[%emt 0:00:30]} 49. Ra1 {[%emt 0:00:02]} e3 {[%emt 0:01:30]} 50. c6 {[%emt 0:01:04]} e2 {[%emt 0:03:30]} 51. c7 {[%emt 0:00:28]} Re8 {[%emt 0:04:30]} 52. Kd6 {[%emt 0:00:38]} f4 {[%emt 0:02:30]} 53. Kd7 {[%emt 0:01:04]} f3 {[%emt 0:04:30]} 54. Kxe8 {[%emt 0:00:27]} f2 {[%emt 0:00:30]} 55. c8=Q {[%emt 0:00:07]} e1=Q {[%emt 0:00:30]} 56. Qc1+ {[%emt 0:00:08]} 1-0

[Event "28th CRO-chT 1B-Men 2019"]
[Site "Mali Losinj"]
[Date "2019.10.03"]
[Round "6.7"]
[White "Vavulin, Maxim"]
[Black "Nagy, Gabor"]
[Result "1/2-1/2"]
[WhiteElo "2550"]
[BlackElo "2476"]
[Annotator "TA"]
[PlyCount "42"]
[EventDate "2019.09.28"]
[EventType "team-tourn"]
[EventCountry "CRO"]
[SourceTitle "playchess.com"]
[Source "ChessBase"]
[SourceQuality "1"]

{[%evp 25,30,-6,0,-21,-17,-9,-13]} 1. e4 e5 2. Nf3 Nc6 3. Bb5 a6 4. Ba4 Nf6 5. O-O b5 6. Bb3 Bb7 7. Re1 Bc5 8. c3 Bb6 9. d4 d6 10. a4 h6 11. axb5 axb5 12. Rxa8 Qxa8 13. Na3 O-O {The position is equal.} 14. Nxb5 {C78: Ruy Lopez: Archangelsk and Möller Defences} exd4 15. cxd4 Na5 {[#]} {Predecessor:} 16. Bc2 $146 Bxe4 17. Bxe4 Nxe4 18. Qc2 Nf6 19. Bd2 Qd5 20. Nxc7 Qc4 21. Qxc4 Nxc4 {1-0 (55) Bosiocic,M (2611)-Sonis,F (2459) Spilimbergo 2019} 1/2-1/2